Historia de Florencia, 1378-1509
Đã lưu trong:
| Tác giả chính: | |
|---|---|
| Định dạng: | Sách |
| Ngôn ngữ: | Tiếng Tây Ban Nha |
| Được phát hành: |
Ciudad de México
Fondo de Cultura Económica
1990
|
| Loạt: | Sección de Obras de Historia
|
| Những chủ đề: | |
| Các nhãn: |
Thêm thẻ
Không có thẻ, Là người đầu tiên thẻ bản ghi này!
|
MARC
| LEADER | 00000nam a2200000 a 4500 | ||
|---|---|---|---|
| 001 | UCU3447 | ||
| 003 | CL-VaPUC | ||
| 008 | 960510e19900000MX |||||||||||||||||spa|d | ||
| 082 | 0 | 4 | |a 945.05 |b GUI |2 21 |
| 100 | |a Guicciardini, Francesco |e author |9 442468 | ||
| 245 | 1 | 0 | |a Historia de Florencia, 1378-1509 |
| 300 | |a 359 p | ||
| 942 | |c BK | ||
| 945 | |d 19960510 00:00:00 |a rleighto | ||
| 260 | |a Ciudad de México |b Fondo de Cultura Económica |c 1990 | ||
| 650 | 7 | |a HISTORIA DE ITALIA SIGLOS 14-16 |2 CL-VaPUC |9 360398 | |
| 651 | 0 | |a Florencia |9 265683 | |
| 651 | 0 | |a Italia |9 254949 | |
| 583 | |a last modification |c 20160810 05:13:32 |k Rodrigo Vera | ||
| 490 | 0 | |a Sección de Obras de Historia | |
| 999 | |c 247456 |d 247454 | ||
| 952 | |0 0 |1 0 |4 0 |6 945_050000000000000_GUI_1990 |7 0 |8 A |9 263385 |a BIBHIS |b BIBHIS |d 2019-11-19 |i 3198464 |l 1 |o 945.05 GUI 1990 |p 3198464 |r 2025-01-20 |s 2023-08-16 |w 2019-11-19 |y BK |k HIS | ||